000 00425nam a2200157Ia 4500
008 210716s2008 xx 000 0 und d
020 _a9788178298368
041 _aeng
082 _a658.312404 RAOT
100 _aRao, T V.
245 _aHRD score card 2500: based on HRD Audit.
_bBased on HRD Audit.
250 _a1
260 _aNew Delhi
_bResponse Books
_c2008
300 _a297
650 _aHuman Resource Development
999 _c205925
_d205925